| 000 | 00444 a2200169 4500 | ||
|---|---|---|---|
| 003 | Nust | ||
| 005 | 20170207153359.0 | ||
| 040 | _cNust | ||
| 082 | _a005.1 | ||
| 100 | _aAzim , Tahir BESE-06 | ||
| 245 |
_aGrid-Enabled application software of intractive analysis on handhelds _cTahir Azim & Ahsan Ikram BESE-06 |
||
| 260 |
_bMCS _c2004 |
||
| 300 | _a89p | ||
| 538 | _aAlmirah No.71 Shelf No.4 | ||
| 650 | _a UG CS Projects | ||
| 651 | _a UG Projects | ||
| 942 | _cTHS | ||
| 999 |
_c184903 _d184903 |
||